Inogranic Chmistry : (Record no. 13077)
[ view plain ]
| 000 -LEADER | |
|---|---|
| fixed length control field | 00579nam a2200205 a 4500 |
| 003 - CONTROL NUMBER IDENTIFIER | |
| JCCL marc code | BD-JhCC |
| 005 - DATE AND TIME OF LATEST TRANSACTION | |
| control field | 20230624100439.0 |
| 008 - FIXED-LENGTH DATA ELEMENTS--GENERAL INFORMATION | |
| fixed length control field | 230624s2023 bg |||| |||| 000 0 ben d |
| 035 ## - SYSTEM CONTROL NUMBER | |
| system control number | (BD-JhCC) |
| 040 ## - CATALOGING SOURCE | |
| Original cataloging agency | BD-JhCC |
| Modifying agency | BD-JhCC |
| 041 ## - LANGUAGE CODE | |
| Language code of Book | eng |
| 082 ## - DEWEY DECIMAL CLASSIFICATION NUMBER | |
| Classification number | 546 |
| Author mark and Year | HUQ 2023 |
| 100 ## - MAIN ENTRY--PERSONAL NAME | |
| Personal name | Huque, Dr. Md. Monimul |
| 245 ## - TITLE STATEMENT | |
| Title | Inogranic Chmistry : |
| Remainder of title | for university student / |
| Statement of responsibility, etc | Dr. Md. Monimul Huque and Anika Auni |
| 260 ## - PUBLICATION, DISTRIBUTION, ETC. (IMPRINT) | |
| Place of publication, distribution, etc | Dhaka : |
| Name of publisher, distributor, etc | Univrsity Campus, |
| Date of publication, distribution, etc | 2023 |
| 300 ## - PHYSICAL DESCRIPTION | |
| Pagination | 1111 p. : |
| Dimensions | 23 cm. |
| 650 ## - SUBJECT ADDED ENTRY--TOPICAL TERM | |
| Topical term or geographic name as entry element | Inorganic Chemistry |
| 700 ## - ADDED ENTRY--PERSONAL NAME | |
| Personal name | Auni, Anika |
| 942 ## - ADDED ENTRY ELEMENTS (KOHA) | |
| Source of classification or shelving scheme | Dewey Decimal Classification |
| Koha item type | Books |
| Source of classification or shelving scheme | Damaged status | Not for loan | Home library | Current library | Shelving location | Date of accession | Cost, normal purchase price | Total Checkouts | Full call number | Barcode | Date last seen | Copy number | Method of acquisition | Koha item type | Currency | Date checked out |
|---|---|---|---|---|---|---|---|---|---|---|---|---|---|---|---|---|
| Dewey Decimal Classification | JCC Rouf Library | JCC Rouf Library | General Stacks | 06/24/2023 | 480.00 | 546 HUQ 2023 | 18480 | 06/24/2023 | C-1 | Purchase | Books | BDT | ||||
| Dewey Decimal Classification | JCC Rouf Library | JCC Rouf Library | General Stacks | 06/24/2023 | 480.00 | 1 | 546 HUQ 2023 | 18481 | 05/15/2024 | C-2 | Purchase | Books | BDT | 05/11/2024 | ||
| Dewey Decimal Classification | JCC Rouf Library | JCC Rouf Library | General Stacks | 06/24/2023 | 480.00 | 546 HUQ 2023 | 18479 | 06/24/2023 | C-3 | Purchase | Books | BDT | ||||
| Dewey Decimal Classification | JCC Rouf Library | JCC Rouf Library | General Stacks | 06/24/2023 | 480.00 | 546 HUQ 2023 | 18478 | 06/24/2023 | C-4 | Purchase | Books | BDT | ||||
| Dewey Decimal Classification | JCC Rouf Library | JCC Rouf Library | General Stacks | 06/24/2023 | 480.00 | 1 | 546 HUQ 2023 | 18477 | 01/31/2024 | C-5 | Purchase | Books | BDT | 01/17/2024 | ||
| Dewey Decimal Classification | JCC Rouf Library | JCC Rouf Library | General Stacks | 06/24/2023 | 480.00 | 546 HUQ 2023 | 18476 | 06/24/2023 | C-6 | Purchase | Books | BDT |